| 000 | 00428nam a2200145Ia 4500 | ||
|---|---|---|---|
| 008 | 230411s9999 xx 000 0 und d | ||
| 020 | _a81-85099-27-8 | ||
| 041 | _aeng | ||
| 082 | _aMS/616.0754/VAK/GOL/B00172 | ||
| 100 |
_aGolwalla & Vakil Rusrom _9176428 |
||
| 245 | _aPhysical Diagnosis : Textbook Of Symptoms And Physical Signs | ||
| 260 |
_bMedia Promoters _aMumbai _c1994 |
||
| 300 | _a651p | ||
| 999 |
_c151691 _d151691 |
||